Datum a čas kvízu
28
Celkem bodů
Celkový počet nahraných bodů na tomto kvízu bez doplňovacích otázek.
3.
Pořadí na kvízu
Konečné umístění týmu na tomto kvízu.
Zaznamenané odpovědi
| # | Otázka | Odpověď | Body | Výsledky |
|---|---|---|---|---|
| 1. | Od pondělí do čtvrtka brázdila... | Formule 1 | 1 | |
| 2. | V českých médiích se minulý tý... | kozy (a kozly) | 0 | |
| 3. | V pondělí vyvrcholil 30. roční... | v Maďarsku | 1 | |
| 4. | Ve čtvrtek byla v aukci v Los... | klobouk (Indiany Jonese) | 0 | |
| 5. | Který český fotbalista přestou... | Adam Hložek | 0 | |
| 6. | Na konci kterého amerického fi... | Hudbu složil, slova napsal (Music and Lyrics) | 1 | |
| 7. | Francouzská hudební komedie s... | Piti Piti Pa | 1 | |
| 8. | Animovaný hudební film Alvin a... | Simon a Theodor | 0 | |
| 9. | V Hříšném tanci si zahráli hla... | Frances, Baby | 1 | |
| 10. | Jak se jmenuje československý... | Kdyby tisíc klarinetů | 1 |